JetPunk A-Z - Statistics

General Stats
  • This quiz has been taken 7 times
  • The average score is 11 of 24
Answer Stats
Clue Answer % Correct
F ______ quizzes give you points; others don't Featured
86%
L Clicking the "heart" icon on a blog, comment or thread Like
86%
N These show up when you receive a comment or when someone you are subscribed to makes a new quiz Notifications
86%
Q Screen name of JetPunk's owner Quizmaster
86%
J The name of JetPunk's pufferfish mascot and logo Jeppy
71%
P A comment that stays on the top of a comment section and highlighted in a different color {Pinned} comment
71%
W In some quizzes you get a number of these; type a wrong answer and you lose one, and the quiz ends when you have none left Whammies
71%
A One of JetPunk's tree planting partners, whom they have planted about 15,000 trees with {Arbor} {Day} Foundation
57%
B An award given for achieving a certain score on select quizzes Badge
57%
C A bullet point rendered in smaller italics below a quiz's description Caveat
57%
V The state of a quiz or blog, either being "public" or "private" (or in the case of a blog, "unlisted") Visibility
57%
Y A highlighted cell in a quiz's grid that forces the quiztaker to answer to a specific question Yellow box
43%
D Feature launched in May 2024 offering a multiple-choice quiz every day Daily Trivia
29%
E A JetPunk minigame where the user sorts items into two categories evenly as fast as possible Even Split
29%
G A JetPunk feature that allows users to create their own space to comment and add quizzes Group
29%
H Real last name of JetPunk's owner Hostetler
29%
K Abbreviation and type-in for Saudi Arabia KSA
29%
M Feature introduced in September 2024 as an effort to move off Reddit Message Board
29%
O JetPunk spelling of the "other website", whose original name starts with S Orcspel
29%
S Quizmaker who overtook R to become #1 Stewart
29%
I The recommended software designed for creating SVGs on JetPunk Inkscape
14%
R Used to be #1 in quizmaker rank until 2023 relessness
14%
T A page that shows the most-taken quizzes on a given day; updated every 15 minutes Top Today
14%
U A language that exists on JetPunk and has its own page, but isn't eligible for points {Unfeatured} language
14%
No matching quizzes found
Score Distribution
Percent of People with Each Score
Percentile by Number Answered
Your Score History
You have not taken this quiz